Bundesliga: Bester Vorlagengeber pro Saison - Statistiken

Allgemein
  • Dieses Quiz wurde 633 mal gespielt
    173 seit der letzten Aktualisierung
  • Das Durchschnittsergebnis liegt bei 16 aus 29
Antwortstatistiken
Saison Vorlagen Verein Spieler % Korrekt
21/22 18 Bayern Thomas Müller
98%
20/21 16 Bayern Thomas Müller
98%
19/20 20 Bayern Thomas Müller
98%
17/18 13 Bayern Thomas Müller
98%
12/13 14 Bayern Thomas Müller
98%
13/14 14 Dortmund Marco Reus
91%
24/25 19 Bayern Michael Olise
91%
12/13 14 Bayern Franck Ribery
82%
11/12 16 Bayern Franck Ribery
82%
10/11 17 Bayern Franck Ribery
82%
14/15 20 Wolfsburg Kevin de Bruyne
77%
23/24 15 Leipzig Xavi Simons
71%
07/08 11 Bremen Diego
69%
16/17 18 RB Leipzig Emil Forsberg
63%
18/19 14 Dortmund Jadon Sancho
60%
08/09 20 Wolfsburg Zvjezdan Misimovic
52%
22/23 16 Frankfurt Randal Kolo Muani
49%
09/10 15 Bremen Mesut Özil
48%
05/06 14 Bremen Johan Micoud
43%
04/05 13 Hertha BSC Marcelinho
43%
06/07 16 Bremen Miroslav Klose
38%
15/16 17 Dortmund Henrikh Mkhitaryan
33%
17/18 13 Augsburg Philipp Max
25%
01/02 15 Leverkusen Ze Roberto
20%
04/05 13 Bayern Roy Makaay
14%
07/08 11 Schalke Ivan Rakitic
8%
03/04 13 Leverkusen Franca
5%
04/05 13 Wolfsburg Martin Petrov
3%
02/03 14 Hamburg Mehdi Mahdavikia
3%
Keine übereinstimmenden Quizze gefunden
Verteilung der Resultate
Anzahl Personen mit jedem Resultat
Perzentil nach korrekt beantworteten Fragen
Ihre Resultats-Entwicklung
Sie haben dieses Quiz seit der letzten Aktualisierung nicht gespielt